000
00299nam a22001217a 4500
003
SGT
082
_a
150
_b
P14H
100
_a
HUGHES.BRIAN M.
245
_a
PSYCHOLOGY EXPRESS: CONCEPTUAL AND HISTORICAL ISSUES IN PSYCHOLOGY
260
_a
INDIA
_b
PERSON
_c
2014
300
_a
205
942
_2
ddc
_c
BK
_0
2
999
_c
15072
_d
15072